| 000 | 00424cam a2200157ua 4500 | ||
|---|---|---|---|
| 003 | OSt | ||
| 005 | 20260213112611.0 | ||
| 008 | 260213b |||||||| |||| 00| 0 eng d | ||
| 041 | _aeng | ||
| 082 |
_a028.76 _bCIP/DI |
||
| 245 | _aDirectory of board members and key personnel, Vol 5 / | ||
| 260 |
_aNew Delhi : _bCentral Board of Irrigation and Power , _c2003. |
||
| 300 | _a457 ; . | ||
| 650 |
_aDirectory _97858 |
||
| 942 | _cBK | ||
| 999 |
_c399 _d399 |
||